000 00383 a2200109 4500
001 ART_49763
005 20260410161936.0
008 260409a
245 1 0 _aLa Argentina y las vicisitudes del intercambio mundial
100 1 _aPrebisch, Raúl
773 0 _tAnales de la Academia Nacional de Ciencias Económicas
_g- Vol. XXVIII, (1983) (ene./dic. 1983)
_wREV25596
999 _c29071
_d29071